000 00876nas a2200301 4500
001 BR0305672
003 BR-BrBNA
005 20231205104157.0
007 ta
008 230509b bl.|||p| |||| 00| 00por d
040 _aBR-BrBNA
_bpor
_cBiblioteca Nacional de Agricultura
041 _a(Pt)
072 _aP01; E14
100 1 _aRodrigues, E.
245 1 _aBiologia da Conservação no Brasil
650 _aPRESERVAÇÃO DA NATUREZA
650 _aBIODIVERSIDADE
650 _aRESERVA BIOLÓGICA
650 _aBIOGEOGRAFIA
650 _aEQUILIBRIO ECOLÓGICO
650 _aMEIO AMBIENTE
650 _aRECURSO NATURAL
650 _aPROJETO DE DESENVOLVIMENTO
650 _aPARANÁ
773 0 _tCadernos da Biodiversidade (Brazil)
_xISSN 1415-9112
_g(Jul 2002), v. 3(2) p. 1-13
_wBR0305672
909 _a202311
_bLúcia
_c55
_dLúcia Elande
942 _2AGRIS
_n0
_cANA
999 _c176767
_d176767